000
00318nam a22001337a 4500
008
211025b ||||| |||| 00| 0 eng d
020
_a
9780141033570
050
_a
153.42
_b
1
100
_a
Kahneman Daniel
_9
7514
245
_a
Thinking Fast and Slow
260
_a
USA
_b
Penguin
_c
2012
300
_a
1
942
_2
ddc
_c
BK
999
_c
11845
_d
11845